Top Maths textbook 2B / (Record no. 10001)

MARC details
000 -LEADER
fixed length control field 01121nam a22002897a 4500
001 - CONTROL NUMBER
control field 10001
003 - CONTROL NUMBER IDENTIFIER
control field FISKH
005 - DATE AND TIME OF LATEST TRANSACTION
control field 20260325101950.0
008 - FIXED-LENGTH DATA ELEMENTS--GENERAL INFORMATION
fixed length control field 260325b cb ||||| |||| 00| 0 eng d
020 ## - INTERNATIONAL STANDARD BOOK NUMBER
International Standard Book Number 9789814573085
040 ## - CATALOGING SOURCE
Original cataloging agency FISKH
Language of cataloging eng
Transcribing agency FISKH
Modifying agency FISKH
050 ## - LIBRARY OF CONGRESS CALL NUMBER
Classification number QA135.6
082 ## - DEWEY DECIMAL CLASSIFICATION NUMBER
Classification number 510.71
100 ## - MAIN ENTRY--PERSONAL NAME
Personal name Shahbal, Hawa
245 ## - TITLE STATEMENT
Title Top Maths textbook 2B /
Statement of responsibility, etc. Authors: Hawa Shahbal ; Penny Sim ; Consultant: Katharine Edgar
260 ## - PUBLICATION, DISTRIBUTION, ETC.
Place of publication, distribution, etc. Toa Payoh Lorong :
Name of publisher, distributor, etc. Aiston Publishing,
Date of publication, distribution, etc. 2016
300 ## - PHYSICAL DESCRIPTION
Extent 171 pages :
Other physical details color illustrations ;
Dimensions 28 cm
505 ## - FORMATTED CONTENTS NOTE
Formatted contents note J<br/>
520 ## - SUMMARY, ETC.
Summary, etc. A primary-level mathematics textbook that builds strong foundational skills through a structured approach, combining visual models, practical activities, and problem-solving exercises to support students’ understanding of key math concepts.
521 8# - TARGET AUDIENCE NOTE
Target audience note 500<br/>
Source Lexile estimate<br/>
521 8# - TARGET AUDIENCE NOTE
Target audience note J<br/>
Source Raz-Plus<br/>
650 ## - SUBJECT ADDED ENTRY--TOPICAL TERM
Topical term or geographic name entry element Mathematics
Form subdivision Juvenile literature
650 ## - SUBJECT ADDED ENTRY--TOPICAL TERM
Topical term or geographic name entry element Cambridge Primary Mathematics
Form subdivision Textbooks Problem solving
700 ## - ADDED ENTRY--PERSONAL NAME
Personal name Edgar, Katharine
Relator term Consultor
942 ## - ADDED ENTRY ELEMENTS (KOHA)
Source of classification or shelving scheme Dewey Decimal Classification
Koha item type Books
Suppress in OPAC No
Holdings
Withdrawn status Lost status Source of classification or shelving scheme Damaged status Not for loan Collection Home library Current library Shelving location Date acquired Total Checkouts Full call number Barcode Date last seen Copy number Price effective from Koha item type
    Dewey Decimal Classification     Non-Fiction Footprints International School Library Network Toul Tom Poung Campus Footprints International School Library Network Toul Tom Poung Campus TTP Primary Dark Blue Bookshelves 03/25/2026   SHA 510.71 QA135.6 2026-0374 03/25/2026 1 03/25/2026 Books